000 00344nam a22001337a 4500
008 181002b xxu||||| |||| 00| 0 eng d
020 _a01209549200
041 _aeng
080 _a159.9
100 _a49
101 _aPSI
245 _aPsychological And Educational Perspective On Learning Disabilities
_cTorgesen.J.K
942 _2udc
_cBK
999 _c48771
_d48771